Personen im Zusammenhang mit Weihnachten - Statistiken

Allgemein
  • Dieses Quiz wurde 103 mal gespielt
    37 seit der letzten Aktualisierung
  • Das Durchschnittsergebnis liegt bei 10 aus 24
Antwortstatistiken
Hinweis Lebensdaten Person % Korrekt
Ihm zu Ehren wird das Fest gefeiert 4 v.Chr.-33 n.Chr. Jesus von Nazaret
97%
Von Romy Schneider gespielte, österreichische Kaiserin 1837-1898 Elisabeth
84%
Schenkfreudiger Bischof und Heiliger, der als Vorlage des Weihnachtsmannes gilt 270-343 Nikolaus von Myra
84%
Römischer Kaiser, dessen verordnete Volkszählung die Reise von Maria und Joseph nach Bethlehem auslöste 63 v.Chr.-14 n.Chr. Augustus
71%
Deutscher Kinderlied-Macher, der durch die Lieder "Es schneit" und "In der Weihnachtsbäckerei" bekannt wurde * 1947 Rolf Zuckowski
68%
Jüdischer Klientelkönig, der laut den Evangelien einen Massenmord an Kleinkindern verordnen ließ 74-4 v.Chr. Herodes
58%
Komponist des berühmtesten Weihnachtsoratoriums 1685-1750 Johann Sebastian Bach
55%
Ihr Song "All I Want for Christmas Is You" wurde zum erfolgreichsten Weihnachtslied und zum erfolgreichsten Dauerbrenner in den deutschen Charts * 1969 Mariah Carey
52%
Russischer Komponist, der das Ballett "Der Nussknacker" verfasste 1840-1893 Pjotr Iljitsch Tschaikowski
52%
Humorist, dessen "Weihnachten bei Hoppenstedts" jedes Jahr im öffentlich-rechtlichen Fernsehen gezeigt wird 1923-2011 Loriot
48%
Person, die jedes Jahr am Weihnachtstag den Segen "Urbi et orbi" erteilt (Name des Amtsträgers) * 1955 Leo XIV.
45%
Autor von "Eine Weihnachtsgeschichte" 1812-1870 Charles Dickens
35%
Kanadischer Sänger, dessen Album "Christmas" das erfolgreichste Weihnachtsalbum seit dem Jahr 2000 ist * 1975 Michael Bublé
32%
Großvater des "kleinen Lords", der auch als Jedi-Meister Obi-Wan Kenobi bekannt wurde 1914-2000 Alec Guinness
29%
Schauspieler des "John McClane", der an Weihnachten ein Hochhaus und einen Flughafen von Terroristen befreit * 1955 Bruce Willis
29%
Kinderstar aus den Filmen "Kevin – Allein zu Haus" und "Kevin – Allein in New York" * 1980 Macaulay Culkin
26%
Sänger von "White Christmas", der meistverkauften Single weltweit 1903-1977 Bing Crosby
23%
Filmemacher, der an der Produktion der Weihnachtsfilme "Gremlins", "Kevin – Allein zu Haus", "Verrückte Weihnachten" und "The Christmas Chronicles" beteiligt war und auch die ersten beiden "Harry Potter"-Filme inszenierte * 1958 Chris Columbus
23%
Sein Charakter wird in "Die Geister, die ich rief..." von drei Geistern besucht, die ihn zu einem besseren Menschen machen * 1950 Bill Murray
16%
Katholischer Heiliger, der als Erfinder der Krippe gilt 1181-1226 Franz von Assisi
16%
Sein 1957 veröffentlichtes Weihnachtsalbum ist bis heute das erfolgreichste Weihnachtsalbum 1935-1977 Elvis Presley
13%
Theologe und Sozialpädagoge, der den Adventskranz erfand 1808-1881 Johann Hinrich Wichern
10%
Regisseur des Weihnachtsklassikers "Ist das Leben nicht schön?" 1897-1991 Frank Capra
6%
Meister-Dichter deutscher Kirchenlieder, der unter anderem "Ich steh an deiner Krippen hier" verfasste 1607-1676 Paul Gerhardt
3%
Keine übereinstimmenden Quizze gefunden
Verteilung der Resultate
Anzahl Personen mit jedem Resultat
Perzentil nach korrekt beantworteten Fragen
Ihre Resultats-Entwicklung
Sie haben dieses Quiz seit der letzten Aktualisierung nicht gespielt